Tài liệu bồi dưỡng về quản lý nhà nước (Chương trình chuyên viên cao cấp). t.II, Quản lý hành chính nhà nước : Quyển 2. Quản lý nhà nước đối với ngành, lĩnh vực /

সংরক্ষণ করুন:
গ্রন্থ-পঞ্জীর বিবরন
সংস্থা লেখক: Học viện Hành chính.
বিন্যাস: Sách giấy
ভাষা:Vietnamese
প্রকাশিত: H. : Khoa học và Kỹ thuật, 2009.
বিষয়গুলি:
ট্যাগগুলো: ট্যাগ যুক্ত করুন
কোনো ট্যাগ নেই, প্রথমজন হিসাবে ট্যাগ করুন!
Thư viện lưu trữ: Thư viện Trường Đại học Đà Lạt
LEADER 01489nam a2200313 4500
001 DLU110115880
005 ##20110215
040 # # |a DLU  |b vie 
041 # # |a vie 
044 # # |a vn 
082 # # |a 351  |b HOC 
110 # # |a Học viện Hành chính. 
245 # # |a Tài liệu bồi dưỡng về quản lý nhà nước (Chương trình chuyên viên cao cấp).  |n t.II,  |p Quản lý hành chính nhà nước : Quyển 2. Quản lý nhà nước đối với ngành, lĩnh vực /  |c Học viện Hành chính. 
260 # # |a H. :  |b Khoa học và Kỹ thuật,  |c 2009. 
300 # # |a 231 tr. ;  |c 21 cm. 
504 # # |a Tài liệu tham khảo: tr. 230. 
505 # # |a Chuyên đề 19. Quản lý nhà nước về kinh tế -- Chuyên đề 20. Quản lý nhà nước về tài chính - tiền tệ -- Chuyên đề 21. Quản lý nhà nước về xã hội và phát triển nguồn nhân lực -- Chuyên đề 22. Quản lý nhà nước về văn hoá, giáo dục, y tế -- Chuyên đề 23. Quản lý nhà nước về dân tộc và tôn giáo -- Chuyên đề 24. Quản lý nhà nước về an ninh và quốc phòng -- Chuyên đề 25. Công tác dân vận trong quản lý nhà nước. 
650 # # |a Hành chính công  |z Việt Nam. 
923 # # |a 18/2010 
991 # # |a SH 
992 # # |a 36000 
994 # # |a DLU 
900 # # |a True 
911 # # |a Đào Thị Thu Huyền 
925 # # |a G 
926 # # |a A 
927 # # |a SH 
980 # # |a Thư viện Trường Đại học Đà Lạt